A survey of English literature. Part 2, Anthology /

Main Author: Oliveriusová, Eva, 1928-2020
Language: English
Published: Praha : SPN, 1977
Edition: 2.přeprac.vyd.
Physical Description: 173 s.
Book
Saved in:
LEADER 00828nam a2200253 a 4500
001 000772646
003 CZ BrMZK
005 20230516210046.0
007 ta
008 970107s1977 xr f eng d
015 |a cnb000133250 
040 |a BOA001  |b cze 
041 0 |a eng 
100 1 |a Oliveriusová, Eva,  |d 1928-2020  |7 jk01091061 
245 1 2 |a A survey of English literature.  |n Part 2,  |p Anthology /  |c Eva Oliveriusová 
246 3 0 |a Anthology 
250 |a 2.přeprac.vyd. 
260 |a Praha :  |b SPN,  |c 1977 
300 |a 173 s. 
910 |a BOA001  |b PK-N-0014.474,2-77 
964 |a Literatura anglická - dějiny - učebnice - školy vysoké 
964 |a Literatura anglická - čítanky - školy vysoké 
990 |a BK 
996 7 |b 3119964745  |c PK-N-0014.474,2-77  |l MZK  |r Sklad / do 1 hodiny  |n 5  |w 000772646  |u 000020  |a 1  |e BOA001  |j MZK50  |s A